The mortuary temple of Senwosret III at Abydos
Αποθηκεύτηκε σε:
| Κύριος συγγραφέας: | |
|---|---|
| Μορφή: | Βιβλίο |
| Γλώσσα: | English |
| Δημοσίευση: |
New Heaven : Philadelhia :
Peabody Museum of Natural History of Yale University ; University of Pennsylvania Museum of Archaeology and Anthropology,
2007.
|
| Σειρά: | Publications of the Pennsylvania-Yale Expedition to Egypt ;
8 |
| Θέματα: | |
| Ετικέτες: |
Προσθήκη ετικέτας
Δεν υπάρχουν, Καταχωρήστε ετικέτα πρώτοι!
|
MARC
| LEADER | 00000cam a2200000 i 4500 | ||
|---|---|---|---|
| 001 | 1/81289 | ||
| 008 | 080409s2007 ctu| ||| |||| ||eng|| | ||
| 020 | |a 9780974002545 | ||
| 020 | |a 0974002542 | ||
| 035 | |l 10096428 | ||
| 040 | |a GR-MyUa |b gre |e AACR2 | ||
| 041 | 0 | |a eng | |
| 082 | 7 | |a 932.013 |2 (22) | |
| 100 | 1 | |a Wegner, Josef W. |q (Josef William) | |
| 245 | 1 | 4 | |a The mortuary temple of Senwosret III at Abydos / |c by Josef Wegner. |
| 260 | |a New Heaven : |b Peabody Museum of Natural History of Yale University ; |a Philadelhia : |b University of Pennsylvania Museum of Archaeology and Anthropology, |c 2007. | ||
| 300 | |a xli, 418 σ. : |b έγχρ. εικ., φωτ., σχέδια ; |c 34 εκ. | ||
| 490 | 1 | |a (Publications of the Pennsylvania-Yale Expedition to Egypt ; |v 8) | |
| 504 | |a Περιλαμβάνει βιβλιογραφίες και ευρετήριο. | ||
| 600 | 0 | 0 | |a Sesostris |b III, |c King of Egypt |x Tomb. |
| 650 | 0 | 0 | |a Tombs |z Egypt |z Abydos (Extinct city) |
| 650 | 0 | 0 | |a Excavations (Archaeology) |z Egypt |z Abydos (Extinct city) |
| 650 | 0 | 0 | |a Architecture, Egyptian |z Egypt |z Abydos (Extinct city) |
| 651 | 0 | |a Abydos (Egypt : Extinct city) | |
| 830 | 0 | |a Publications of the Pennsylvania-Yale Expedition to Egypt ; |v 8 | |
| 852 | |a INST |b RHODES |e 20080409 |h 932.013 WEG |p 005400029350 |q 005400029350 |t BK |y 0 | ||
| 901 | |a BIBL4-2008-1 | ||
| 922 | |a 4ΕΛΗ |b 200803 |c ΕΠΕΑΕΚ2/ΤΜΣ |d ΕΛΕΥΘΕΡΟΥΔΑΚΗΣ | ||
| 970 | |a ΧΑΡΙΟΠΟΛΙΤΟΥ |b ΚΩΝΣΤΑΝΤΙΝΑ |z 2008/04/09 | ||